000 00926 a2200253 4500
005 20160516104434.0
008 160516s2014 ck a|||gr|||| 001 0 spa d
020 _a9789584617002 (Tomo 1)
020 _a9789584648860 (Tomo 2)
040 _aCO-BoUCM
_bspa
_cSandra Palacio
_dSandra Palacio
041 0 _aspa
100 1 _aCaballero Díaz, Orlando V.
_977201
245 1 0 _aLecciones de derecho electoral
_cOrlando V. Caballero Díaz
260 _c2014
_aBarranquilla (Colombia)
_bArtes gráficas industriales Ltda.
300 _a2 tomos
504 _aIncluye referencias bibliográficas e índices
650 7 _912760
_aDerecho electoral
650 7 _912617
_aDemocracia
650 7 _921113
_aParticipación ciudadana
690 _aDerecho constitucional
_912725
700 1 _aSánchez Torres, Carlo Ariel
_eprólogo
_977203
942 _cLIBRO
_2DEWEY
_a8
_e1
_h342.07
_mC112
999 _c303353
_d303353